000 00872nas a2200289 4500
001 BR2010001873
003 BR-BrBNA
005 20231205114158.0
007 ta
008 230509b bl.|||p| |||| 00| 00por d
040 _aBR-BrBNA
_bpor
_cBiblioteca Nacional de Agricultura
041 _a(Pt)
072 _aQ04
100 1 _aAbreu, R.L. de
100 1 _aGodoy, R.L. de O.
100 1 _aSantos, I.F. dos
100 1 _aPacheco, S.
100 1 _aSouza, R.S. de
245 1 _aQuantificação de hipoxantina em carne de javali (Sus scrofa scrofa)
650 _aJAVALI
650 _aCARNE
650 _aCOMPOSIÇÃO QUÍMICA
650 _aCROMATOGRAFIA
773 0 _tRevista Brasileira de Medicina Veterinária (Brazil)
_xISSN 0100-2430
_g(Jul-Sep 2009), v. 31(3) p. 184-190
_wBR2010001873
909 _a202311
_bLúcia
_c55
_dLúcia Elande
942 _2AGRIS
_n0
_cANA
999 _c207449
_d207449